Responsabilidad penal juvenil : garantías procesales penales /
Guardado en:
| Otros Autores: | , |
|---|---|
| Formato: | Libro |
| Idioma: | Spanish |
| Publicado: |
Buenos Aires :
La Rocca,
2010
|
| Edición: | 1a. ed. |
| Materias: | |
| Etiquetas: |
Agregar Etiqueta
Sin Etiquetas, Sea el primero en etiquetar este registro!
|
| LEADER | 00996nam a22001935a 4500 | ||
|---|---|---|---|
| 001 | DER.der011250 | ||
| 008 | 180615s2010####|||||||||||||||||#||spa|| | ||
| 005 | 20250717161446.0 | ||
| 245 | 1 | 0 | |a Responsabilidad penal juvenil : |b garantías procesales penales / |c dirigido por Gerardo L. Frega y dirigido por Nicolás Grappasonno ; prólogo de Alejandro Morlachetti. |
| 250 | |a 1a. ed. | ||
| 260 | |a Buenos Aires : |b La Rocca, |c 2010 | ||
| 300 | |a 415 p. | ||
| 500 | |a El debido procesal penal. Adolescentes y derecho penal. Medidas sustitutorias a la privación de la libertad en menores. Cuerpo técnico auxiliar. Suspensión de juicio a prueba. Juicio abreviado en menores. Sanciones y garantías penales juveniles. El defensor y el fuero penal. Modelos de escritos /. | ||
| 020 | |a 9789875171282 | ||
| 100 | 1 | |a Frega, Gerardo L., |e dir. | |
| 700 | 1 | |a Grappasonno, Nicolás, |e coord. | |
| 700 | 1 | |a Morlachetti, Alejandro, |e prol. | |
| 650 | 7 | |a DERECHO PROCESAL PENAL | |
| 859 | |a DERECHO |b BIB. DERECHO |h 345.05 |i FRE |p 006637 | ||
